000 00804nam a2200253Ia 4500
003 OSt
005 20220927110401.0
006 a|||||r|||| 00| 0
007 ta
008 220926b |||||||| |||| 00| 0 eng d
024 _a55558
037 _cReports
040 _aRTL
_cRTL
_beng
041 _2eng
_aeng
082 _a"X:9-16.243.N7, L8.1/GD"
110 _a"Punjab, Economic and Statistical Organisation"
_9351088
245 0 _aReport on the working class family income.
260 _aChandigarh
_bEconomic Adviser India
_c1978
490 _vPt. 1
_a"Its, Publication. 323"
650 _aLabour Economics
700 _a"Punjab, Economic and Statistical Organisation"
_9351089
942 _h"X:9-16.243.N7, L8.1/GD"
_cCC
999 _c696109
_d696109